Statistics for Teams in the Premiership and Football League with an F in their name

Click here to take the quiz!

General Stats

  • This quiz has been taken 1,213 times
  • The average score is 6 of 12

Answer Stats

HintAnswer% Correct
PREMIERSHIPFulham
94%
CHAMPIONSHIPNottingham Forest
68%
CHAMPIONSHIPSheffield Wednesday
64%
LEAGUE ONESheffield United
63%
CHAMPIONSHIPCardiff City
56%
CHAMPIONSHIPHuddersfield Town
49%
LEAGUE TWOFleetwood Town
47%
LEAGUE TWOBradford City
42%
CHAMPIONSHIPWatford
42%
LEAGUE ONEBrentford
41%
LEAGUE TWOOxford United
36%
LEAGUE TWOChesterfield
28%

Score Distribution

Percentile by Number Answered

Percent of People with Each Score

Your Score History

You have not taken this quiz